| 000 | 01137nmc a2200409 a 4500 | ||
|---|---|---|---|
| 003 | AR-BaBNM | ||
| 005 | 20251128205553.0 | ||
| 008 | 148019s1992 ||||||||||||||000 | spa|| | ||
| 020 | _a84-87699-03-0 | ||
| 040 | _cAR-BaBNM | ||
| 100 | 1 | _aDormido Bencomo, Sebastián | |
| 245 | 1 | 0 | _aSociedad y nuevas tecnologías |
| 260 |
_aMadrid _bTrotta _c1992 |
||
| 300 | 0 |
_a187 p. _bdiagr. |
|
| 490 | 0 | _aEstructuras y procesos. Sociología | |
| 504 | _aBibliografía: p. 183-187 | ||
| 600 | 1 | 4 | _aRostow, W.w. |
| 600 | 1 | 4 | _aCastells, Manuel |
| 600 | 1 | 4 | _aComte, Auguste |
| 600 | 1 | 4 |
_aDurkheim, Emile _d1858-1917 |
| 600 | 1 | 4 | _aMarx, Karl |
| 600 | 1 | 4 |
_aWeber, Max _d1864-1920 |
| 650 | 4 | _aURBANIZACION | |
| 650 | 4 | _aCAMBIO TECNOLOGICO | |
| 650 | 4 | _aSOCIOLOGIA URBANA | |
| 650 | 4 | _aINDUSTRIALIZACION | |
| 650 | 4 | _aCAMBIO SOCIAL | |
| 650 | 4 | _aPOLITICA INDUSTRIAL | |
| 650 | 4 | _aAUTOMATIZACION | |
| 650 | 4 | _aCAMBIO TECNOLOGICO | |
| 650 | 4 | _aINTELIGENCIA ARTIFICIAL | |
| 650 | 4 | _aSOCIOLOGIA INDUSTRIAL | |
| 700 | 1 | _aMorales Navarro, Julián | |
| 700 | 1 | _aAbad Márquez, Luis Vicente | |
| 942 | _cBK | ||
| 998 | _cMariana | ||
| 999 |
_c11938 _d11938 |
||